| 000 -LEADER |
| fixed length control field |
00541nam a22001817a 4500 |
| 005 - DATE AND TIME OF LATEST TRANSACTION |
| control field |
20230331155531.0 |
| 008 - FIXED-LENGTH DATA ELEMENTS--GENERAL INFORMATION |
| fixed length control field |
230328s2002 enk||||| |||| 00| 0 eng d |
| 020 ## - INTERNATIONAL STANDARD BOOK NUMBER |
| International Standard Book Number |
9781857420708x |
| 041 ## - LANGUAGE CODE |
| Language code of text/sound track or separate title |
eng |
| 080 ## - UNIVERSAL DECIMAL CLASSIFICATION NUMBER |
| Universal Decimal Classification number |
364 D-69 |
| 100 ## - MAIN ENTRY--PERSONAL NAME |
| Personal name |
Doel, Mark |
| 9 (RLIN) |
17295 |
| 245 ## - TITLE STATEMENT |
| Title |
Task Centered Social Work / |
| Statement of responsibility, etc. |
Mark Doel, Peter Marsh. |
| 264 ## - PRODUCTION, PUBLICATION, DISTRIBUTION, MANUFACTURE, AND COPYRIGHT NOTICE |
| Place of production, publication, distribution, manufacture |
Burlington, |
| Date of production, publication, distribution, manufacture, or copyright notice |
2002. |
| 300 ## - PHYSICAL DESCRIPTION |
| Extent |
136 p.; |
| Other physical details |
22 cm. |
| 653 ## - INDEX TERM--UNCONTROLLED |
| keyword |
სოციალური დახმარებები |
| 700 ## - ADDED ENTRY--PERSONAL NAME |
| Personal name |
Marsh, Peter |
| Relator term |
ავტორი |
| 9 (RLIN) |
17296 |
| 942 ## - ADDED ENTRY ELEMENTS (KOHA) |
| Source of classification or shelving scheme |
|
| Koha item type |
წიგნი |